| 000 | 01355nam a22002297a 4500 | ||
|---|---|---|---|
| 999 |
_c3684 _d3684 |
||
| 003 | OSt | ||
| 005 | 20240613083857.0 | ||
| 008 | 240613b ||||| |||| 00| 0 eng d | ||
| 020 | _a9781009311335 | ||
| 040 | _cKH8 | ||
| 082 | _a540.76 HAR | ||
| 100 |
_aHaywood, Joanna, _eauthor. |
||
| 245 |
_aCombined and Co-ordinated Sciences for Cambridge IGCSE : _bChemistry Workbook / _cJoanna Haywood, Richard Harwood & Ian Lodge. |
||
| 260 |
_aUnited Kingdom ; _bCambridge University Press , _c2023. |
||
| 300 |
_ax, 197 pages : _bblack and white illustrations: _c27.5 cm. |
||
| 520 | _aThis accessible write-in workbook is the perfect companion to the coursebook. Students have the opportunity to practice their essential science skills, including data presentation and analysis, consolidate their understanding, and apply their learning to new situations. Exercises are structured into three levels of increasing complexity, which they first support, then provide practice opportunities, and finally challenge learners. As an exercise progresses, the amount of support is reduced, enabling students to become confident, responsible learners. Answers are available to teachers via Cambridge GO. | ||
| 650 | _aChemistry workbook | ||
| 650 |
_aChemistry _vPractice |
||
| 700 |
_aHarwood, Richard, _eauthor. |
||
| 700 |
_aLodge, Ian, _eauthor. |
||
| 942 |
_2ddc _cTR |
||